[Event "Mecklenburg VP LL2 Ost 2122"]
[Site "Mecklenburg VP"]
[Date "2022.04.24"]
[Round "5.4"]
[White "Reimer, Karl"]
[Black "Winkler, Karl"]
[Result "1/2-1/2"]
[WhiteElo "1520"]
[BlackElo "1922"]
[PlyCount "33"]
[EventDate "2021.10.24"]
[EventType "team-tourn"]
[EventRounds "9"]
[EventCountry "GER"]
[SourceTitle "EXT 2024"]
[Source "ChessBase"]
[SourceDate "2023.10.10"]
[SourceVersion "1"]
[SourceVersionDate "2023.10.10"]
[SourceQuality "1"]
[WhiteTeam "Motor Wolgast"]
[BlackTeam "Neubrandenburg II"]
[WhiteTeamCountry "GER"]
[BlackTeamCountry "GER"]

1. c4 Nf6 2. d4 e6 3. Nf3 Bb4+ 4. Bd2 Bxd2+ 5. Qxd2 0-0 6. Nc3 d5 7. e3 Re8 8. Bd3 dxc4 9. Bxc4 b6 10. 0-0 Bb7 11. Qe2 Ne4 12. Nxe4 Bxe4 13. Nd2 Bb7 14. Rac1 Nd7 15. Bb5 Re7 16. Bc6 Bxc6 17. Rxc6 1/2-1/2

[Event "Neubrandenburg-chB"]
[Site "Neubrandenburg"]
[Date "2022.04.10"]
[Round "4"]
[White "Winkler, Karl"]
[Black "Bartel, Jethro Aldrich"]
[Result "1-0"]
[WhiteElo "1922"]
[BlackElo "1592"]
[PlyCount "71"]
[EventDate "2022.04.09"]
[EventType "swiss"]
[EventRounds "7"]
[EventCountry "GER"]
[SourceTitle "CBM 207 Extra"]
[Source "ChessBase"]
[SourceDate "2022.05.31"]
[SourceVersion "1"]
[SourceVersionDate "2022.05.31"]
[SourceQuality "1"]

1. e4 c5 2. d4 cxd4 3. Qxd4 Nc6 4. Qe3 Nf6 5. Nf3 d5 6. exd5 Nxd5 7. Qd2 e5 8. Bc4 Be6 9. Ng5 Bc5 10. Nxe6 fxe6 11. 0-0 0-0 12. Nc3 Nd4 13. Ne4 Bb6 14. c3 Qh4 15. Ng5 Nf3+ 16. Nxf3 Qxc4 17. Nxe5 Qc7 18. Qe2 Rf5 19. Nc4 e5 20. Nxb6 Qxb6 21. Be3 Nf4 22. Qc4+ Qe6 23. Qxe6+ Nxe6 24. Rad1 Nf4 25. Rd7 b6 26. Rfd1 Ne6 27. Re7 Nf8 28. Rd5 Ng6 29. Red7 Rff8 30. Kf1 e4 31. Rb7 Rfd8 32. Rxd8+ Rxd8 33. Bd4 Nf4 34. Rxg7+ Kf8 35. Rxh7 Kg8 36. Rh8+ 1-0

[Event "Mecklenburg VP LL2 Ost 2122"]
[Site "Mecklenburg VP"]
[Date "2022.03.20"]
[Round "7.3"]
[White "Winkler, Karl"]
[Black "Bollnow, Alex"]
[Result "0-1"]
[WhiteElo "1922"]
[BlackElo "1659"]
[PlyCount "82"]
[EventDate "2021.10.24"]
[EventType "team-tourn"]
[EventRounds "9"]
[EventCountry "GER"]
[SourceTitle "EXT 2024"]
[Source "ChessBase"]
[SourceDate "2023.10.10"]
[SourceVersion "1"]
[SourceVersionDate "2023.10.10"]
[SourceQuality "1"]
[WhiteTeam "Neubrandenburg II"]
[BlackTeam "Torgelow Droegeheide II"]
[WhiteTeamCountry "GER"]
[BlackTeamCountry "GER"]

1. e4 c5 2. Nf3 Nc6 3. d4 cxd4 4. Nxd4 g6 5. Nc3 Bg7 6. Ncb5 a6 7. Nxc6 bxc6 8. Nd4 Nf6 9. Bd3 0-0 10. 0-0 Rb8 11. Rb1 Qc7 12. Nb3 c5 13. Qe2 d6 14. Bxa6 Bxa6 15. Qxa6 Ra8 16. Qc4 Rxa2 17. Re1 Ng4 18. Qe2 Ne5 19. Nd2 Rb8 20. f4 Nc6 21. Qc4 Qa5 22. Rf1 Ra4 23. Qe2 Rab4 24. Nb3 Qb6 25. Be3 Rxe4 26. Qf3 Rb4 27. f5 Ne5 28. Qe2 Ng4 29. fxg6 hxg6 30. Rf3 Nxe3 31. Qxe3 c4 32. Qxb6 R4xb6 33. Na5 Rxb2 34. Rxb2 Rxb2 35. Nxc4 Rxc2 36. Na5 e6 37. Nb7 d5 38. Nd8 Rc7 39. g4 d4 40. Kf2 e5 41. Ke2 e4 0-1

[Event "Mecklenburg VP LL2 Ost 2122"]
[Site "Mecklenburg VP"]
[Date "2021.10.24"]
[Round "1.4"]
[White "Sichler, Jakob"]
[Black "Winkler, Karl"]
[Result "1/2-1/2"]
[WhiteElo "1821"]
[BlackElo "1922"]
[PlyCount "77"]
[EventDate "2021.10.24"]
[EventType "team-tourn"]
[EventRounds "9"]
[EventCountry "GER"]
[SourceTitle "EXT 2024"]
[Source "ChessBase"]
[SourceDate "2023.10.10"]
[SourceVersion "1"]
[SourceVersionDate "2023.10.10"]
[SourceQuality "1"]
[WhiteTeam "Greifswald II"]
[BlackTeam "Neubrandenburg II"]
[WhiteTeamCountry "GER"]
[BlackTeamCountry "GER"]

1. e4 Nf6 2. Nc3 d6 3. d4 g6 4. Bg5 Bg7 5. Qd2 c6 6. Be2 b5 7. Bxf6 exf6 8. Nf3 f5 9. Qf4 b4 10. Nd1 fxe4 11. Qxe4+ Qe7 12. Qf4 Ba6 13. 0-0 Bxe2 14. Re1 0-0 15. Qd2 Re8 16. Kh1 a5 17. Ng1 Nd7 18. Rxe2 Qf8 19. Nf3 Rxe2 20. Qxe2 Re8 21. Qa6 Bxd4 22. Qxa5 c5 23. Qb5 Qe7 24. h3 Bg7 25. c3 bxc3 26. Nxc3 Rb8 27. Qd3 Rxb2 28. Re1 Ne5 29. Qd5 Rb8 30. Nxe5 dxe5 31. f4 Qh4 32. Rf1 exf4 33. Qxc5 f3 34. Nb5 fxg2+ 35. Kxg2 Qe4+ 36. Kg1 Bh6 37. Qc7 Rxb5 38. Qxf7+ Kh8 39. Qf6+ 1/2-1/2

[Event "Mecklenburg VP LL2 Ost 1819"]
[Site "Mecklenburg VP"]
[Date "2018.12.16"]
[Round "4.4"]
[White "Horch, Helmut"]
[Black "Winkler, Karl"]
[Result "1/2-1/2"]
[WhiteElo "1760"]
[BlackElo "1759"]
[PlyCount "79"]
[EventDate "2018.10.21"]
[EventType "team-tourn"]
[EventRounds "9"]
[EventCountry "GER"]
[SourceTitle "EXT 2022"]
[Source "ChessBase"]
[SourceDate "2021.10.06"]
[SourceVersion "1"]
[SourceVersionDate "2021.10.06"]
[SourceQuality "1"]
[WhiteTeam "Binz Therme Ruegen"]
[BlackTeam "Neubrandenburg SG Eintracht II"]
[WhiteTeamCountry "GER"]
[BlackTeamCountry "GER"]

1. d4 Nf6 2. e3 e6 3. Bd3 c5 4. c3 d5 5. Nd2 Bd6 6. f4 0-0 7. Ngf3 cxd4 8. cxd4 b6 9. Ne5 Ba6 10. Qe2 Bxd3 11. Qxd3 Nbd7 12. 0-0 Rc8 13. Ndf3 Qc7 14. Bd2 Qb7 15. Rac1 Ne4 16. Qb5 Nxe5 17. fxe5 Bb8 18. Bb4 Rfd8 19. Nd2 a6 20. Qd3 Nxd2 21. Bxd2 Rxc1 22. Rxc1 Rc8 23. Bc3 b5 24. a3 a5 25. Bd2 Rxc1+ 26. Bxc1 Qc6 27. Bd2 Bc7 28. b3 Bd8 29. Qc3 Qxc3 30. Bxc3 a4 31. b4 f6 32. exf6 gxf6 33. Kf2 Kf7 34. Kf3 Kg6 35. h3 h5 36. e4 Bc7 37. exd5 exd5 38. Bd2 Kf5 39. g3 Bd6 40. Bc1 1/2-1/2

[Event "Mecklenburg VP VL 1718"]
[Site "Mecklenburg VP"]
[Date "2017.12.10"]
[Round "4.7"]
[White "Podolskiy, Alexander"]
[Black "Winkler, Karl"]
[Result "1/2-1/2"]
[WhiteElo "1847"]
[BlackElo "1829"]
[PlyCount "81"]
[EventDate "2017.10.08"]
[EventType "team-tourn"]
[EventRounds "9"]
[EventCountry "GER"]
[SourceTitle "EXT 2022"]
[Source "ChessBase"]
[SourceDate "2021.10.06"]
[SourceVersion "1"]
[SourceVersionDate "2021.10.06"]
[SourceQuality "1"]
[WhiteTeam "Wismar ASV Gruen-Weiss"]
[BlackTeam "Neubrandenburg SG Eintracht"]
[WhiteTeamCountry "GE2"]
[BlackTeamCountry "GER"]

1. e4 Nf6 2. e5 Nd5 3. d4 d6 4. Nf3 e6 5. c4 Nb6 6. Bf4 dxe5 7. Nxe5 N8d7 8. Nc3 Nxe5 9. Bxe5 f6 10. Bf4 Bd6 11. Be3 Be7 12. Bd3 Bd7 13. Qh5+ Kf8 14. 0-0-0 Be8 15. Qe2 Bg6 16. Bxg6 hxg6 17. h4 Qe8 18. d5 exd5 19. cxd5 Rd8 20. Kb1 Bb4 21. Bxb6 Qxe2 22. Nxe2 axb6 23. Nf4 Kf7 24. Rc1 Rd7 25. Ne6 Rxd5 26. Nxc7 Rc5 27. Rxc5 Bxc5 28. f3 Bf2 29. Nd5 Rh5 30. Nc3 Rxh4 31. Rxh4 Bxh4 32. Kc2 Ke6 33. Kd3 f5 34. b3 Ke5 35. Ne2 Bf2 36. a4 f4 37. Nc3 g5 38. Ne4 Bh4 39. Nd2 Kd5 40. Ne4 Ke5 41. Nd2 1/2-1/2

[Event "Mecklenburg VP LL2 Ost 1415"]
[Site "Mecklenburg VP"]
[Date "2015.02.22"]
[Round "6.7"]
[White "Winkler, Karl"]
[Black "Bollnow, Alex"]
[Result "1-0"]
[WhiteElo "1811"]
[BlackElo "1406"]
[PlyCount "73"]
[EventDate "2014.09.21"]
[EventType "team-tourn"]
[EventRounds "9"]
[EventCountry "GER"]
[SourceTitle "EXT 2022"]
[Source "ChessBase"]
[SourceDate "2021.10.06"]
[SourceVersion "1"]
[SourceVersionDate "2021.10.06"]
[SourceQuality "1"]
[WhiteTeam "Neubrandenburg SG Eintracht"]
[BlackTeam "Torgelow Droegeheide II"]
[WhiteTeamCountry "GER"]
[BlackTeamCountry "GER"]

1. e4 c5 2. Nf3 Nc6 3. d4 cxd4 4. Nxd4 g6 5. Nc3 Bg7 6. Nxc6 bxc6 7. Bd2 d5 8. exd5 cxd5 9. Bb5+ Bd7 10. Bxd7+ Qxd7 11. 0-0 Nf6 12. Qc1 0-0 13. Bh6 Rab8 14. Bxg7 Kxg7 15. Rd1 Rfc8 16. Rb1 e6 17. Rd3 Qc7 18. a4 Ng4 19. Rg3 Ne5 20. Qe3 Nc4 21. Qd4+ Kg8 22. Nb5 Qb6 23. Qxb6 Rxb6 24. Rc3 a6 25. Na3 Rcb8 26. Nxc4 dxc4 27. Rxc4 Rxb2 28. Rxb2 Rxb2 29. Kf1 Kg7 30. Ke2 Kf6 31. Kd3 Rb6 32. Kc3 h6 33. Kd4 Rd6+ 34. Kc5 Rd5+ 35. Kb6 a5 36. Rf4+ Ke7 37. c4 1-0

[Event "Mecklenburg VP LL2 Ost 1314"]
[Site "Mecklenburg VP"]
[Date "2013.12.15"]
[Round "4.5"]
[White "Hollender, Dirk"]
[Black "Winkler, Karl"]
[Result "0-1"]
[WhiteElo "1652"]
[BlackElo "1774"]
[PlyCount "68"]
[EventDate "2013.10.27"]
[EventType "team-tourn"]
[EventRounds "9"]
[EventCountry "GER"]
[SourceTitle "EXT 2022"]
[Source "ChessBase"]
[SourceDate "2021.10.06"]
[SourceVersion "1"]
[SourceVersionDate "2021.10.06"]
[SourceQuality "1"]
[WhiteTeam "Neubrandenburg SV Turbine"]
[BlackTeam "Neubrandenburg SG Eintracht II"]
[WhiteTeamCountry "GER"]
[BlackTeamCountry "GER"]

1. e4 e5 2. Nf3 Nc6 3. Bb5 Nf6 4. 0-0 Nxe4 5. Re1 Nd6 6. Ba4 Be7 7. Nxe5 Nxe5 8. Rxe5 0-0 9. d4 Bf6 10. Re1 Re8 11. c3 b5 12. Bb3 Bb7 13. Bf4 Rxe1+ 14. Qxe1 Qe7 15. Nd2 Re8 16. Qxe7 Rxe7 17. Bxd6 cxd6 18. Kf1 Kf8 19. g3 a5 20. Bc2 h6 21. Nb3 a4 22. Nd2 h5 23. Bd3 b4 24. f3 Re3 25. Bb5 bxc3 26. bxc3 Rxc3 27. Bxd7 Bxd4 28. Re1 g6 29. Re8+ Kg7 30. Bxa4 Rd3 31. Ke2 Ba6 32. Ra8 Re3+ 33. Kd1 Be2+ 34. Kc2 Rc3+ 0-1

[Event "Mecklenburg VP LL2 Ost 1314"]
[Site "Mecklenburg VP"]
[Date "2013.11.10"]
[Round "2.4"]
[White "Winkler, Karl"]
[Black "Richter, Frank"]
[Result "0-1"]
[WhiteElo "1774"]
[BlackElo "1655"]
[PlyCount "86"]
[EventDate "2013.10.27"]
[EventType "team-tourn"]
[EventRounds "9"]
[EventCountry "GER"]
[SourceTitle "EXT 2022"]
[Source "ChessBase"]
[SourceDate "2021.10.06"]
[SourceVersion "1"]
[SourceVersionDate "2021.10.06"]
[SourceQuality "1"]
[WhiteTeam "Neubrandenburg SG Eintracht II"]
[BlackTeam "Waterkant Saal SV"]
[WhiteTeamCountry "GER"]
[BlackTeamCountry "GER"]

1. e4 c6 2. d4 d5 3. exd5 Qxd5 4. Nc3 Qd8 5. Nf3 Nf6 6. Bc4 e6 7. 0-0 Be7 8. Re1 0-0 9. Bg5 h6 10. Bh4 Nbd7 11. Re2 b6 12. Ne5 Nxe5 13. dxe5 Nd5 14. Bxd5 exd5 15. Bxe7 Qxe7 16. Qd4 Bf5 17. Qf4 Bg6 18. Rae1 Qe6 19. Nb1 Rad8 20. Qa4 a5 21. Nd2 d4 22. Qc4 Bxc2 23. Qxe6 fxe6 24. Rc1 Bd3 25. Ree1 c5 26. b3 Ba6 27. a4 Rd5 28. Nc4 d3 29. Red1 Bxc4 30. bxc4 Rd4 31. Rc3 Rfd8 32. f3 d2 33. Rc2 Rd3 34. Kf1 Ra3 35. Rb2 Rxa4 36. Rxb6 Rxc4 37. Rxe6 Kf7 38. Ra6 Rc2 39. Rxa5 c4 40. Raa1 Ke6 41. f4 c3 42. g4 Rb2 43. Ra6+ Ke7 0-1

[Event "Mecklenburg VP LL2 Ost 1213"]
[Site "Mecklenburg VP"]
[Date "2013.04.14"]
[Round "8.1"]
[White "Winkler, Karl"]
[Black "Arning, Norbert"]
[Result "0-1"]
[WhiteElo "1830"]
[BlackElo "1950"]
[PlyCount "76"]
[EventDate "2012.10.14"]
[EventType "team-tourn"]
[EventRounds "9"]
[EventCountry "GER"]
[SourceTitle "EXT 2022"]
[Source "ChessBase"]
[SourceDate "2021.10.06"]
[SourceVersion "1"]
[SourceVersionDate "2021.10.06"]
[SourceQuality "1"]
[WhiteTeam "Neubrandenburg SG Eintracht II"]
[BlackTeam "Malchow Schachinsel"]
[WhiteTeamCountry "GER"]
[BlackTeamCountry "GER"]

1. e4 e5 2. d4 exd4 3. Qxd4 Nc6 4. Qe3 Nf6 5. Bd2 Ng4 6. Qg3 d5 7. exd5 Qxd5 8. Nc3 Qe6+ 9. Be2 Bc5 10. Qxg4 Qxg4 11. Bxg4 Bxg4 12. Nd5 0-0-0 13. Ne3 Rhe8 14. h3 Bh5 15. g4 Bg6 16. 0-0-0 Be4 17. f3 Bxe3 18. Bxe3 Rxd1+ 19. Kxd1 Bxc2+ 20. Kxc2 Rxe3 21. Kd2 Re7 22. Ne2 Ne5 23. Ng1 Nc4+ 24. Kc3 b5 25. Rh2 Re3+ 26. Kd4 Re1 27. Rg2 Re5 28. b4 c6 29. h4 Rd5+ 30. Kc3 Rd1 31. f4 Ne3 32. Rg3 Nd5+ 33. Kc2 Rf1 34. Nf3 Nxb4+ 35. Kb3 c5 36. a4 Rb1+ 37. Kc3 bxa4 38. Nd2 Rc1+ 0-1

[Event "Mecklenburg VP LL2 Ost 1213"]
[Site "Mecklenburg VP"]
[Date "2012.11.25"]
[Round "3.1"]
[White "Voelsgen, Georg"]
[Black "Winkler, Karl"]
[Result "1-0"]
[WhiteElo "1957"]
[BlackElo "1830"]
[PlyCount "49"]
[EventDate "2012.10.14"]
[EventType "team-tourn"]
[EventRounds "9"]
[EventCountry "GER"]
[SourceTitle "EXT 2022"]
[Source "ChessBase"]
[SourceDate "2021.10.06"]
[SourceVersion "1"]
[SourceVersionDate "2021.10.06"]
[SourceQuality "1"]
[WhiteTeam "Gryps SV"]
[BlackTeam "Neubrandenburg SG Eintracht II"]
[WhiteTeamCountry "GER"]
[BlackTeamCountry "GER"]

1. e4 e5 2. Nf3 Nc6 3. Bc4 Bc5 4. c3 d6 5. d4 exd4 6. cxd4 Bb4+ 7. Nc3 Nf6 8. Qd3 0-0 9. Bg5 h6 10. Bh4 Qe7 11. 0-0 Bxc3 12. Bxf6 Qxf6 13. bxc3 Na5 14. Bb5 Be6 15. d5 Bg4 16. Nd4 b6 17. f4 Bc8 18. Rae1 Nb7 19. Qg3 g6 20. e5 dxe5 21. fxe5 Qg7 22. e6 Nd6 23. e7 Re8 24. Bxe8 Nxe8 25. Nb5 1-0

[Event "Mecklenburg VP LL2 Ost 1112"]
[Site "Mecklenburg VP"]
[Date "2012.04.15"]
[Round "9.3"]
[White "Poppe, Thomas"]
[Black "Winkler, Karl"]
[Result "1/2-1/2"]
[WhiteElo "1662"]
[BlackElo "1844"]
[PlyCount "25"]
[EventDate "2011.10.02"]
[EventType "team-tourn"]
[EventRounds "9"]
[EventCountry "GER"]
[SourceTitle "EXT 2022"]
[Source "ChessBase"]
[SourceDate "2021.10.06"]
[SourceVersion "1"]
[SourceVersionDate "2021.10.06"]
[SourceQuality "1"]
[WhiteTeam "Graal Mueritz"]
[BlackTeam "Neubrandenburg SG Eintracht II"]
[WhiteTeamCountry "GER"]
[BlackTeamCountry "GER"]

1. d4 Nf6 2. c4 e6 3. Nc3 Bb4 4. Nf3 c5 5. Bf4 Nc6 6. e3 d5 7. dxc5 Qa5 8. Qb3 Qxc5 9. a3 Bxc3+ 10. Qxc3 dxc4 11. Qxc4 Qxc4 12. Bxc4 0-0 13. 0-0 1/2-1/2

[Event "Mecklenburg VP LL2 Ost 1112"]
[Site "Mecklenburg VP"]
[Date "2011.10.02"]
[Round "1.4"]
[White "Richter, Frank"]
[Black "Winkler, Karl"]
[Result "1/2-1/2"]
[WhiteElo "1687"]
[BlackElo "1844"]
[PlyCount "43"]
[EventDate "2011.10.02"]
[EventType "team-tourn"]
[EventRounds "9"]
[EventCountry "GER"]
[SourceTitle "EXT 2022"]
[Source "ChessBase"]
[SourceDate "2021.10.06"]
[SourceVersion "1"]
[SourceVersionDate "2021.10.06"]
[SourceQuality "1"]
[WhiteTeam "Waterkant Saal SV"]
[BlackTeam "Neubrandenburg SG Eintracht II"]
[WhiteTeamCountry "GER"]
[BlackTeamCountry "GER"]

1. d4 Nf6 2. c4 e6 3. Nc3 Bb4 4. Bg5 c5 5. a3 Bxc3+ 6. bxc3 Qa5 7. Bd2 Ne4 8. Qc2 Nxd2 9. Qxd2 cxd4 10. cxd4 Qxd2+ 11. Kxd2 d6 12. g3 Nc6 13. e3 b6 14. Bg2 Bb7 15. Ne2 Rc8 16. Bxc6+ Rxc6 17. Rhc1 Ba6 18. Rc2 Rxc4 19. Rxc4 Bxc4 20. Rc1 d5 21. Nc3 Ke7 22. Rb1 1/2-1/2

[Event "Mecklenburg VP LL2 Ost 1011"]
[Site "Mecklenburg VP"]
[Date "2011.03.20"]
[Round "8.3"]
[White "Onasch, Gunnar"]
[Black "Winkler, Karl"]
[Result "0-1"]
[WhiteElo "1834"]
[BlackElo "1794"]
[PlyCount "62"]
[EventDate "2010.10.10"]
[EventType "team-tourn"]
[EventRounds "9"]
[EventCountry "GER"]
[SourceTitle "EXT 2022"]
[Source "ChessBase"]
[SourceDate "2021.10.06"]
[SourceVersion "1"]
[SourceVersionDate "2021.10.06"]
[SourceQuality "1"]
[WhiteTeam "Waterkant Saal SV"]
[BlackTeam "Neubrandenburg SG Eintracht II"]
[WhiteTeamCountry "GER"]
[BlackTeamCountry "GER"]

1. d4 Nf6 2. c4 e6 3. Nf3 Bb4+ 4. Bd2 Bxd2+ 5. Qxd2 d5 6. e3 0-0 7. Nc3 b6 8. Be2 dxc4 9. Bxc4 Ba6 10. b3 Bxc4 11. bxc4 c5 12. 0-0 cxd4 13. exd4 Nc6 14. Rac1 Rc8 15. Ne2 Qd6 16. Rfd1 Rfd8 17. Ng3 h6 18. Qe2 Qf4 19. Qe3 Qxe3 20. fxe3 Na5 21. Nd2 Rc6 22. Rc3 Nd5 23. Rd3 Nxc4 24. Nxc4 Rxc4 25. R1d2 Rdc8 26. Kf2 Rc3 27. Ne4 Rxd3 28. Rxd3 Rc2+ 29. Rd2 Rxd2+ 30. Nxd2 Kf8 31. e4 Nc3 0-1